[Event "23. Copenhagen Open  (Politiken Cup)"]
[Site "Copenhagen"]
[Date "2001.07.22"]
[Round "8"]
[White "Jorgensen, Michael"]
[Black "Dalsberg, Sandra de Blecourt"]
[Result "1-0"]
[WhiteElo "2290"]
[BlackElo "2055"]
[PlyCount "41"]
[EventDate "2001.07.16"]
[EventType "swiss"]
[EventRounds "11"]
[EventCountry "DEN"]
[SourceDate "2004.01.01"]

1. d4 d5 2. c4 c6 3. Nf3 Nf6 4. Nc3 dxc4 5. e4 b5 6. e5 Nd5 7. Ng5 f6 8. Nf3
Bg4 9. Be2 Nd7 10. O-O e6 11. exf6 Qxf6 12. a4 N7b6 13. Ne4 Qd8 14. axb5 cxb5
15. Ne5 Bf5 16. Ng5 Qc7 17. Bg4 Be7 18. Bxf5 exf5 19. Ne6 Qc8 20. Nxg7+ Kf8 21.
Qh5 1-0

[Event "23. Copenhagen Open  (Politiken Cup)"]
[Site "Copenhagen"]
[Date "2001.07.22"]
[Round "8"]
[White "Jorgensen, Mikkel"]
[Black "Elka, Parviz"]
[Result "0-1"]
[WhiteElo "1610"]
[BlackElo "1329"]
[PlyCount "144"]
[EventDate "2001.07.16"]
[EventType "swiss"]
[EventRounds "11"]
[EventCountry "DEN"]
[SourceDate "2004.01.01"]

1. d4 f5 2. Nc3 Nf6 3. Bf4 d6 4. Nf3 g6 5. e3 Bg7 6. Bc4 e6 7. Ng5 Qe7 8. h4 h6
9. Nf3 Bd7 10. Nb5 Bc6 11. Qe2 a6 12. Nc3 Nbd7 13. O-O-O Nb6 14. Bb3 O-O-O 15.
Ne1 Ne4 16. Nxe4 Bxe4 17. f3 Bc6 18. Nd3 Nd5 19. Bh2 g5 20. Rhe1 e5 21. e4 fxe4
22. fxe4 Nf4 23. Nxf4 gxf4 24. d5 Bd7 25. Qf2 Kb8 26. Bg1 b6 27. Bc4 Kb7 28.
Rd3 Ra8 29. Ra3 Bf6 30. Qe2 b5 31. Rb3 Bxh4 32. Rd1 Bg5 33. Kb1 Rhb8 34. a4 Kc8
35. axb5 axb5 36. Bxb5 Kd8 37. Qc4 h5 38. Rdd3 Qh7 39. Bxd7 Rxb3 40. Rxb3 Qxd7
41. Rb7 Bh4 42. Bb6 Rc8 43. Qa6 Ke8 44. Qe2 Qf7 45. Rxc7 Rxc7 46. Bxc7 f3 47.
Qb5+ Qd7 48. Qb8+ Bd8 49. Bxd8 Qxd8 50. Qb5+ Qd7 51. Qf1 fxg2 52. Qxg2 Qg4 53.
Qh1 h4 54. Qf1 Ke7 55. Qa6 Qxe4 56. Qb7+ Kf6 57. Qc6 Qe1+ 58. Ka2 Qa5+ 59. Kb1
Qc5 60. Qe8 Kg5 61. Qe7+ Kg4 62. Qe6+ Kg3 63. c4 Qxc4 64. Qxd6 Qe4+ 65. Ka2 h3
66. Qa3+ Kg2 67. d6 h2 68. d7 h1=Q 69. d8=Q Qhb1+ 70. Kb3 Qec2+ 71. Kb4 Qe1+
72. Qc3 Qxb2+ 0-1

[Event "23. Copenhagen Open  (Politiken Cup)"]
[Site "Copenhagen"]
[Date "2001.07.22"]
[Round "8"]
[White "Jorgensen, Orla Eilegaard"]
[Black "Nielsen, Thomas"]
[Result "1/2-1/2"]
[WhiteElo "1403"]
[BlackElo "2025"]
[PlyCount "79"]
[EventDate "2001.07.16"]
[EventType "swiss"]
[EventRounds "11"]
[EventCountry "DEN"]
[SourceDate "2004.01.01"]

1. Nf3 c5 2. c4 g6 3. e3 Bg7 4. d4 d6 5. h3 Nf6 6. Nc3 O-O 7. Bd3 Nc6 8. a3 e6
9. O-O a6 10. Re1 Qc7 11. Rb1 Nd7 12. Ne2 b6 13. b4 Bb7 14. Bb2 cxb4 15. Qb3
bxa3 16. Bxa3 Rfe8 17. Ng5 Na5 18. Qb4 Bf8 19. Rec1 Qd8 20. f4 h6 21. Nf3 Bxf3
22. gxf3 d5 23. c5 Nc6 24. Qe1 b5 25. Qg3 Bg7 26. Kh1 Qf6 27. Rg1 Kh8 28. Rg2
Reb8 29. Rbg1 b4 30. Bb2 Nf8 31. h4 h5 32. e4 Bh6 33. e5 Qg7 34. Bc1 Ne7 35.
Qe1 Nf5 36. Bxf5 exf5 37. Ng3 Ne6 38. Nxh5 Qf8 39. Nf6 Qe7 40. h5 1/2-1/2

[Event "23. Copenhagen Open  (Politiken Cup)"]
[Site "Copenhagen"]
[Date "2001.07.22"]
[Round "8"]
[White "Kristensen, Jonas Rune"]
[Black "Nicolaisen, Erik"]
[Result "1-0"]
[WhiteElo "1755"]
[BlackElo "2015"]
[PlyCount "155"]
[EventDate "2001.07.16"]
[EventType "swiss"]
[EventRounds "11"]
[EventCountry "DEN"]
[SourceDate "2004.01.01"]

1. d4 d5 2. Nf3 Nc6 3. c4 Bg4 4. e3 e5 5. dxe5 dxc4 6. Qa4 Bxf3 7. gxf3 Bb4+ 8.
Bd2 Qe7 9. f4 Bxd2+ 10. Nxd2 Qb4 11. Qc2 O-O-O 12. Bxc4 Rxd2 13. Qxd2 Qxc4 14.
Rd1 Qb4 15. Ke2 Qxd2+ 16. Rxd2 Nge7 17. Rhd1 Rd8 18. Rxd8+ Nxd8 19. Kf3 Ndc6
20. Kg4 Ng6 21. h4 Nf8 22. h5 h6 23. Kf3 Ne7 24. Ke4 g6 25. Rh1 Nf5 26. Kd3 Ne6
27. Ke4 Neg7 28. hxg6 fxg6 29. Rg1 Ne7 30. Kf3 Kd7 31. e4 Ne8 32. Rd1+ Ke6 33.
Rd8 Ng7 34. Ra8 Nc6 35. Rc8 g5 36. Rxc7 Ne8 37. Rxb7 gxf4 38. Kxf4 Nxe5 39.
Rxa7 Nd3+ 40. Ke3 Nxb2 41. Rh7 Nd1+ 42. Kf3 Nf6 43. Rxh6 Ke5 44. a4 Nc3 45. a5
Ncxe4 46. a6 Nd2+ 47. Ke2 Nc4 48. a7 Nb6 49. Rh8 Kf5 50. Rb8 Nfd7 51. a8=Q Nxa8
52. Rxa8 Kf4 53. Ra4+ Kf5 54. Ke3 Kf6 55. Kf4 Nc5 56. Ra3 Ne6+ 57. Kg4 Nc5 58.
Kf3 Nd7 59. Kf4 Nc5 60. Re3 Na4 61. Rb3 Nc5 62. Rb6+ Kf7 63. Kf5 Nd3 64. Rb7+
Ke8 65. f4 Kf8 66. Kf6 Ke8 67. f5 Nf4 68. Ke5 Nd3+ 69. Kd4 Nf4 70. Ke4 Nh5 71.
Ke5 Ng3 72. Ke6 Kd8 73. f6 Ne4 74. f7 Ng5+ 75. Kf5 Nh7 76. Ke6 Kc8 77. Re7 Nf8+
78. Kd6 1-0

[Event "23. Copenhagen Open  (Politiken Cup)"]
[Site "Copenhagen"]
[Date "2001.07.22"]
[Round "8"]
[White "Laubsch, Bernd"]
[Black "Hovmoller, Kristian"]
[Result "1-0"]
[WhiteElo "2311"]
[BlackElo "2194"]
[PlyCount "139"]
[EventDate "2001.07.16"]
[EventType "swiss"]
[EventRounds "11"]
[EventCountry "DEN"]
[SourceDate "2004.01.01"]

1. e4 c5 2. Nf3 d6 3. d4 cxd4 4. Nxd4 Nf6 5. Nc3 a6 6. Be3 e5 7. Nb3 Be7 8. f3
Be6 9. g4 Nbd7 10. Qd2 b5 11. O-O-O h6 12. Kb1 Nb6 13. h4 b4 14. Bxb6 Qxb6 15.
Nd5 Nxd5 16. exd5 Bd7 17. Bd3 a5 18. Qe2 a4 19. Nd2 a3 20. Nc4 Qc7 21. b3 Kd8
22. Qd2 Rb8 23. c3 bxc3 24. Qxc3 Bb5 25. Rc1 Bxc4 26. Qxc4 Qxc4 27. Rxc4 Ra8
28. Rb4 Re8 29. Rb6 Kc7 30. Rc6+ Kb8 31. Rhc1 Ra7 32. Ba6 Rd7 33. Rc8+ Rxc8 34.
Rxc8+ Ka7 35. Bb5 Rd8 36. Rc7+ Kb6 37. Rxe7 Kxb5 38. Rxf7 Kc5 39. Kc2 Kxd5 40.
Kd3 g5 41. hxg5 hxg5 42. Ra7 Rf8 43. Ke3 Kc5 44. Rxa3 Kb4 45. Ra4+ Kc3 46. Rc4+
Kb2 47. Rc6 d5 48. Re6 d4+ 49. Kf2 Kxa2 50. Rxe5 Kxb3 51. Rxg5 Kc4 52. Rg7 Kd5
53. Rd7+ Ke5 54. Kg3 Rf6 55. Rd8 Rc6 56. f4+ Ke4 57. Re8+ Kd5 58. f5 d3 59.
Rd8+ Ke4 60. Kh4 Kf4 61. Kh5 Ke4 62. g5 Rc5 63. f6 Rd5 64. Ra8 d2 65. Ra1 d1=Q+
66. Rxd1 Rxd1 67. f7 Rf1 68. g6 Ke5 69. g7 Rf5+ 70. Kg6 1-0

[Event "23. Copenhagen Open  (Politiken Cup)"]
[Site "Copenhagen"]
[Date "2001.07.22"]
[Round "8"]
[White "Laursen, Niels Norskov"]
[Black "Auchenberg, Per"]
[Result "1/2-1/2"]
[WhiteElo "2107"]
[BlackElo "1842"]
[PlyCount "80"]
[EventDate "2001.07.16"]
[EventType "swiss"]
[EventRounds "11"]
[EventCountry "DEN"]
[SourceDate "2004.01.01"]

1. e4 c5 2. Nf3 e6 3. d4 cxd4 4. Nxd4 a6 5. Bd3 Qc7 6. O-O g6 7. c3 Bg7 8. Be3
Ne7 9. f4 d5 10. e5 Nbc6 11. Nd2 Nxd4 12. Bxd4 Bd7 13. Nf3 O-O 14. Qd2 f6 15.
exf6 Bxf6 16. Rae1 Bxd4+ 17. Nxd4 Rf6 18. g3 Raf8 19. Re5 Qb6 20. Qf2 Nc6 21.
Nxc6 Qxf2+ 22. Rxf2 bxc6 23. h4 a5 24. Rd2 Kg7 25. Kh2 Rb8 26. Be2 Rb6 27. Bg4
Kf7 28. Rde2 Ke7 29. Kg1 Kd6 30. h5 Bc8 31. Kf2 Rb7 32. Ke1 Rg7 33. Rg5 Bd7 34.
hxg6 Rfxg6 35. Ree5 Rxg5 36. Rxg5 Rxg5 37. fxg5 Ke7 38. Bh5 Kf8 39. Kf2 Kg7 40.
Ke3 e5 1/2-1/2

[Event "23. Copenhagen Open  (Politiken Cup)"]
[Site "Copenhagen"]
[Date "2001.07.22"]
[Round "8"]
[White "Laustsen, Lars"]
[Black "Pedersen, Christian K"]
[Result "0-1"]
[WhiteElo "1955"]
[BlackElo "2280"]
[PlyCount "86"]
[EventDate "2001.07.16"]
[EventType "swiss"]
[EventRounds "11"]
[EventCountry "DEN"]
[SourceDate "2004.01.01"]

1. c4 e5 2. g3 g6 3. Bg2 Bg7 4. Nc3 d6 5. e4 Nc6 6. Nge2 Nh6 7. d3 f5 8. h4 Nf7
9. Nd5 Be6 10. Be3 Qd7 11. Qd2 Bxd5 12. cxd5 Ne7 13. Rc1 c6 14. dxc6 bxc6 15.
h5 Rb8 16. hxg6 hxg6 17. Rxh8+ Bxh8 18. exf5 gxf5 19. d4 e4 20. b3 Nd5 21. Nf4
Nxf4 22. Bxf4 Rb5 23. Qc2 Rb6 24. Be3 d5 25. a4 Nd8 26. a5 Rb8 27. Qe2 Qf7 28.
Qc2 Bf6 29. Bf1 Qb7 30. Bh3 Qh7 31. Bf1 Be7 32. Bf4 Bb4+ 33. Kd1 Rc8 34. Ba6
Qh1+ 35. Ke2 Qh5+ 36. Kf1 Ne6 37. Be5 Qh1+ 38. Ke2 Qf3+ 39. Kf1 Rc7 40. Kg1 Rh7
41. Qxc6+ Kf7 42. Qxe6+ Kxe6 43. Rc6+ Bd6 0-1

[Event "23. Copenhagen Open  (Politiken Cup)"]
[Site "Copenhagen"]
[Date "2001.07.22"]
[Round "8"]
[White "Lezcano Jaen, Pedro"]
[Black "Romsdal, Trond"]
[Result "1-0"]
[WhiteElo "2386"]
[BlackElo "2225"]
[PlyCount "87"]
[EventDate "2001.07.16"]
[EventType "swiss"]
[EventRounds "11"]
[EventCountry "DEN"]
[SourceDate "2004.01.01"]

1. c4 Nf6 2. g3 e6 3. Bg2 d5 4. Nf3 c5 5. O-O Be7 6. cxd5 Nxd5 7. d4 O-O 8.
dxc5 Bxc5 9. a3 Nc6 10. b4 Be7 11. Bb2 Bf6 12. Qc2 Bd7 13. Nbd2 Rc8 14. Bxf6
Qxf6 15. Ne4 Qe7 16. Qc5 Rc7 17. Rfc1 Qd8 18. Qd6 Qb8 19. b5 Na5 20. Rxc7 Qxc7
21. Qxc7 Nxc7 22. a4 Nd5 23. Ne5 Bc8 24. Nd6 Nb6 25. Rc1 f6 26. Bh3 Nb3 27.
Rxc8 Rxc8 28. Bxe6+ Kf8 29. Nxc8 Nc5 30. Nxb6 Nxe6 31. Nec4 axb6 32. Nxb6 Ke7
33. Nc4 Nd4 34. Kf1 Nb3 35. Ke1 Ke6 36. a5 Kd5 37. a6 bxa6 38. bxa6 Kc6 39. Nd6
Kb6 40. Ne8 Kxa6 41. Nxg7 Nc5 42. Ne8 Nd7 43. Kd2 Kb6 44. Ke3 1-0

[Event "23. Copenhagen Open  (Politiken Cup)"]
[Site "Copenhagen"]
[Date "2001.07.22"]
[Round "8"]
[White "Li, Mike"]
[Black "Tolstrup, Thomas"]
[Result "0-1"]
[WhiteElo "1056"]
[BlackElo "2108"]
[PlyCount "60"]
[EventDate "2001.07.16"]
[EventType "swiss"]
[EventRounds "11"]
[EventCountry "DEN"]
[SourceDate "2004.01.01"]

1. d4 Nf6 2. c4 e6 3. Nc3 Bb4 4. Qc2 O-O 5. Nf3 b6 6. e4 Bb7 7. Bd3 Bxc3+ 8.
bxc3 h6 9. O-O d6 10. Nd2 e5 11. Nb3 Nbd7 12. Bb2 Re8 13. Rae1 Nf8 14. f4 Ng6
15. fxe5 dxe5 16. c5 Nf4 17. Rxf4 exf4 18. d5 Ng4 19. c4 Qh4 20. Qc3 Qxh2+ 21.
Kf1 f6 22. Nd4 Qh1+ 23. Ke2 Qxg2+ 24. Kd1 Ne5 25. Re2 Qf1+ 26. Kc2 Bc8 27. c6
f3 28. Re3 Qg2+ 29. Kb3 f2 30. Nb5 Nxd3 0-1

[Event "23. Copenhagen Open  (Politiken Cup)"]
[Site "Copenhagen"]
[Date "2001.07.22"]
[Round "8"]
[White "Lilja, Richard"]
[Black "Hansen, Ib Lynaes"]
[Result "1/2-1/2"]
[WhiteElo "2112"]
[BlackElo "1866"]
[PlyCount "135"]
[EventDate "2001.07.16"]
[EventType "swiss"]
[EventRounds "11"]
[EventCountry "DEN"]
[SourceDate "2004.01.01"]

1. e4 e5 2. Nf3 Nc6 3. Bc4 Be7 4. d4 exd4 5. Nxd4 d6 6. O-O Nf6 7. Nc3 O-O 8.
h3 Ne5 9. Bb3 Nfd7 10. f4 Ng6 11. a3 Nc5 12. Ba2 Bf6 13. Be3 c6 14. Qf3 Qe7 15.
Rfe1 Nh4 16. Qf2 Nxe4 17. Nxe4 Qxe4 18. c3 c5 19. Nb5 Bxh3 20. Nxd6 Qxg2+ 21.
Qxg2 Nxg2 22. Re2 Nxe3 23. Rxe3 Be6 24. Nxb7 c4 25. Nc5 Bd5 26. Nd7 Rfe8 27.
Nxf6+ gxf6 28. Rae1 Rxe3 29. Rxe3 Rb8 30. Re2 f5 31. Rd2 Be6 32. Kf2 Kf8 33.
Ke2 Ke7 34. Kd1 Rd8 35. Rxd8 Kxd8 36. Ke2 Ke7 37. Ke3 Kd6 38. Kd4 h5 39. Ke3
Bd5 40. Bb1 Ke6 41. Bc2 h4 42. Kf2 Be4 43. Bd1 Kd5 44. b4 cxb3 45. Bxb3+ Kc5
46. Bxf7 Bd5 47. Bg6 Be6 48. Kg2 Kd5 49. c4+ Ke4 50. c5 Bd7 51. Kh3 Kxf4 52.
Kxh4 Ke5 53. Bh5 Bc6 54. Be2 Kf4 55. Bf1 Ke5 56. Be2 Ke4 57. Kg5 Ke5 58. Bf1 f4
59. Kg4 f3 60. Ba6 Kd4 61. Kf4 Kxc5 62. Ke3 Kb6 63. Bc4 Ka5 64. Bb3 Ba4 65. Bd5
Bd1 66. Bxf3 Bxf3 67. Kd3 Ka4 68. Kc2 1/2-1/2

[Event "23. Copenhagen Open  (Politiken Cup)"]
[Site "Copenhagen"]
[Date "2001.07.22"]
[Round "8"]
[White "Manley, Christian"]
[Black "Schmidt, Horst Hubert"]
[Result "1-0"]
[WhiteElo "1360"]
[BlackElo "1674"]
[PlyCount "80"]
[EventDate "2001.07.16"]
[EventType "swiss"]
[EventRounds "11"]
[EventCountry "DEN"]
[SourceDate "2004.01.01"]

1. d4 Nf6 2. c4 e6 3. Nc3 b6 4. e4 Bb7 5. f3 d5 6. e5 Nfd7 7. b3 c5 8. Be3 cxd4
9. Bxd4 Nc6 10. cxd5 Nxd4 11. Qxd4 exd5 12. Nxd5 Bc5 13. Qe4 O-O 14. Bb5 Nxe5
15. Qxe5 Bxd5 16. O-O-O Ba3+ 17. Kc2 Qc8+ 18. Qc3 Qf5+ 19. Bd3 Qg5 20. Ne2 Rac8
21. Bc4 b5 22. Rxd5 Qg6+ 23. Kd2 Rfd8 24. Rxd8+ Rxd8+ 25. Ke3 Bc5+ 26. Kf4 bxc4
27. Qxc4 Qd6+ 28. Kg4 h5+ 29. Kh3 Qe5 30. Qe4 Qg5 31. Qf4 Qd5 32. Ng3 g6 33.
Ne4 Qe6+ 34. Kg3 h4+ 35. Qxh4 Be3 36. Qxd8+ Kg7 37. Qf6+ Qxf6 38. Nxf6 Kxf6 39.
Re1 Bd4 40. Re4 Bb6 1-0

[Event "23. Copenhagen Open  (Politiken Cup)"]
[Site "Copenhagen"]
[Date "2001.07.22"]
[Round "8"]
[White "Moller, Arne"]
[Black "Rendboe, John Filip"]
[Result "0-1"]
[WhiteElo "1712"]
[BlackElo "2243"]
[PlyCount "74"]
[EventDate "2001.07.16"]
[EventType "swiss"]
[EventRounds "11"]
[EventCountry "DEN"]
[SourceDate "2004.01.01"]

1. e4 c5 2. b3 Nc6 3. Bb2 d6 4. Nf3 e5 5. c3 Nf6 6. d3 g6 7. Be2 Bg7 8. O-O O-O
9. Nbd2 Nh5 10. Nc4 Nf4 11. Bc1 b5 12. Ne3 Be6 13. c4 b4 14. Nd5 Nxe2+ 15. Qxe2
Bg4 16. Bb2 f5 17. h3 Bh5 18. Qd2 fxe4 19. dxe4 Bxf3 20. gxf3 Rxf3 21. Kg2 Rf7
22. a3 bxa3 23. Rxa3 Rb8 24. Bc3 Qh4 25. f3 Nd8 26. Qe2 Ne6 27. Be1 Qg5+ 28.
Bg3 Nf4+ 29. Kh2 Nxd5 30. cxd5 Rfb7 31. Rf2 Qe7 32. Qa6 Bh6 33. Qa4 Be3 34. Re2
Bd4 35. h4 Qf8 36. Kg2 Rxb3 37. Qxa7 Qxf3+ 0-1

[Event "23. Copenhagen Open  (Politiken Cup)"]
[Site "Copenhagen"]
[Date "2001.07.22"]
[Round "8"]
[White "Nicolaisen, Jeppe"]
[Black "Thompson, Ian D"]
[Result "0-1"]
[WhiteElo "2047"]
[BlackElo "2240"]
[PlyCount "98"]
[EventDate "2001.07.16"]
[EventType "swiss"]
[EventRounds "11"]
[EventCountry "DEN"]
[SourceDate "2004.01.01"]

1. e4 e6 2. d3 d5 3. Nd2 Nf6 4. Ngf3 b6 5. g3 dxe4 6. dxe4 Bc5 7. Bg2 Ba6 8. c4
Qd3 9. Qb3 Qxb3 10. axb3 Bb7 11. Ne5 Nc6 12. Nxc6 Bxc6 13. O-O e5 14. Nf3 Bd6
15. b4 O-O 16. c5 bxc5 17. bxc5 Bxc5 18. Nxe5 Bb5 19. Rd1 Rfd8 20. Bg5 Bd4 21.
Bxf6 gxf6 22. Ng4 Bxb2 23. Rab1 c6 24. h4 Rxd1+ 25. Rxd1 a5 26. Rb1 Be5 27.
Nh6+ Kf8 28. Nf5 Rd8 29. Bf1 Bxf1 30. Kxf1 a4 31. f4 Bc3 32. Rb6 Ra8 33. Rxc6
Bb2 34. Ne3 a3 35. Nc2 a2 36. Ke2 a1=Q 37. Nxa1 Bxa1 38. Kf3 Ra3+ 39. Kg4 Bd4
40. Kh5 Kg7 41. g4 Re3 42. Rc4 Rxe4 43. f5 h6 44. Ra4 Rf4 45. g5 hxg5 46. hxg5
Be5 47. gxf6+ Kxf6 48. Ra6+ Kxf5 49. Ra5 Rf1 0-1

[Event "23. Copenhagen Open  (Politiken Cup)"]
[Site "Copenhagen"]
[Date "2001.07.22"]
[Round "8"]
[White "Nielsen, Borge Hjerrild"]
[Black "van Dijk, Thomas"]
[Result "1-0"]
[WhiteElo "2122"]
[BlackElo "1999"]
[PlyCount "53"]
[EventDate "2001.07.16"]
[EventType "swiss"]
[EventRounds "11"]
[EventCountry "DEN"]
[SourceDate "2004.01.01"]

1. d4 d5 2. c4 c6 3. cxd5 cxd5 4. Bf4 Nf6 5. Nc3 Nc6 6. Nf3 Qb6 7. Na4 Qb4+ 8.
Bd2 Qd6 9. e3 a6 10. Be2 g6 11. O-O Bg7 12. Qb3 O-O 13. Rfc1 b5 14. Nc5 Ne4 15.
Be1 e5 16. Nxe4 dxe4 17. Nxe5 Nxe5 18. Bb4 Qb8 19. Bxf8 Kxf8 20. dxe5 Bxe5 21.
h3 Be6 22. Qb4+ Kg7 23. Rc2 Ra7 24. a3 Rd7 25. Rac1 a5 26. Qxa5 Ra7 27. Qb4 1-0

[Event "23. Copenhagen Open  (Politiken Cup)"]
[Site "Copenhagen"]
[Date "2001.07.22"]
[Round "8"]
[White "Nielsen, Dagh"]
[Black "Andersen, Rune"]
[Result "0-1"]
[WhiteElo "1982"]
[BlackElo "2064"]
[PlyCount "52"]
[EventDate "2001.07.16"]
[EventType "swiss"]
[EventRounds "11"]
[EventCountry "DEN"]
[SourceDate "2004.01.01"]

1. e4 c5 2. Nf3 Nc6 3. d4 cxd4 4. Nxd4 g6 5. Nc3 Bg7 6. Be3 Nf6 7. Bc4 O-O 8.
Bb3 d6 9. f3 Bd7 10. h4 Qa5 11. Qd2 Rfc8 12. O-O-O Ne5 13. g4 Nc4 14. Bxc4 Rxc4
15. h5 Rac8 16. Nb3 Qa6 17. hxg6 hxg6 18. e5 Rxc3 19. bxc3 Nh7 20. Qh2 Nf8 21.
Bd4 dxe5 22. Bxe5 f6 23. Bf4 g5 24. Bd2 Qxa2 25. Rde1 a5 26. Rxe7 Qa3+ 0-1

[Event "23. Copenhagen Open  (Politiken Cup)"]
[Site "Copenhagen"]
[Date "2001.07.22"]
[Round "8"]
[White "Nielsen, Henrik Lindholt"]
[Black "Mortensen, Henrik"]
[Result "1-0"]
[WhiteElo "2005"]
[BlackElo "2075"]
[PlyCount "65"]
[EventDate "2001.07.16"]
[EventType "swiss"]
[EventRounds "11"]
[EventCountry "DEN"]
[SourceDate "2004.01.01"]

1. d4 d6 2. Nf3 g6 3. c4 Bg7 4. Nc3 f5 5. e4 Nh6 6. Qb3 Na6 7. Be3 Ng4 8. Bg5
h6 9. Bd2 c5 10. d5 g5 11. h4 Nxf2 12. Kxf2 g4 13. Ng1 O-O 14. g3 fxe4+ 15. Kg2
Bf5 16. Be3 Nb4 17. Nge2 Nd3 18. Kh2 e6 19. Bg2 Be5 20. Bxh6 Qxh4+ 21. Kg1 Bd4+
22. Nxd4 Qxg3 23. Rf1 cxd4 24. Qxb7 Qe5 25. Bxf8 Rxf8 26. Ne2 Nc5 27. Qe7 Rf6
28. Nf4 d3 29. Nh5 Rg6 30. Qe8+ Kh7 31. Nf6+ Kg7 32. Qh8+ Kf7 33. Rh7+ 1-0

[Event "23. Copenhagen Open  (Politiken Cup)"]
[Site "Copenhagen"]
[Date "2001.07.22"]
[Round "8"]
[White "Nielsen, Jens Holm"]
[Black "Zachariassen, John"]
[Result "1-0"]
[WhiteElo "2055"]
[BlackElo "1864"]
[PlyCount "119"]
[EventDate "2001.07.16"]
[EventType "swiss"]
[EventRounds "11"]
[EventCountry "DEN"]
[SourceDate "2004.01.01"]

1. Nc3 Nf6 2. d4 d5 3. e4 dxe4 4. f3 e3 5. Bc4 g6 6. Bxe3 Bg7 7. Qd2 O-O 8.
Nge2 Re8 9. Ne4 Nc6 10. Nxf6+ Bxf6 11. O-O-O Rb8 12. Nc3 b6 13. Ne4 Na5 14.
Nxf6+ exf6 15. Bd3 Be6 16. b3 Qe7 17. Bf4 Rbd8 18. Qc3 Qa3+ 19. Qb2 Qxb2+ 20.
Kxb2 Rxd4 21. Bxc7 Rc8 22. Bg3 Rcd8 23. Be1 R4d5 24. Bc3 Kg7 25. Be2 Nc6 26.
Rxd5 Rxd5 27. Rd1 Rxd1 28. Bxd1 Ne5 29. Be2 Nd7 30. a4 Kf8 31. a5 Ke7 32. Bd4
Kd6 33. axb6 axb6 34. b4 Kc6 35. c4 f5 36. f4 h5 37. Kc3 Kd6 38. Bd1 Kc6 39.
Ba4+ Kb7 40. Bb5 Kc7 41. Bg7 Kb7 42. Kd4 Nb8 43. Bf8 Nc6+ 44. Kc3 Kc7 45. Ba4
Kd7 46. Bg7 Kd6 47. Bd1 Ke7 48. Bf3 Bd7 49. b5 Na5 50. Bd4 Be6 51. Be2 f6 52.
Bxb6 Nb7 53. Bf3 Nd6 54. Bc5 Kd7 55. Bxd6 Kxd6 56. Kd4 h4 57. c5+ Kc7 58. b6+
Kb8 59. c6 Bc8 60. c7# 1-0

[Event "23. Copenhagen Open  (Politiken Cup)"]
[Site "Copenhagen"]
[Date "2001.07.22"]
[Round "8"]
[White "Nielsen, Morten"]
[Black "Helin, Mikael"]
[Result "0-1"]
[WhiteElo "2085"]
[BlackElo "1984"]
[PlyCount "34"]
[EventDate "2001.07.16"]
[EventType "swiss"]
[EventRounds "11"]
[EventCountry "DEN"]
[SourceDate "2004.01.01"]

1. e4 c5 2. Nf3 a6 3. d4 cxd4 4. Nxd4 Qc7 5. Nc3 e6 6. g3 Ne7 7. Bg2 Ng6 8. f4
Nc6 9. a4 h5 10. h4 Bb4 11. Nb3 Na5 12. Qd4 Nxb3 13. cxb3 Bc5 14. Qxg7 Qb6 15.
e5 Bf2+ 16. Ke2 d5 17. exd6 Bd4 0-1

[Event "23. Copenhagen Open  (Politiken Cup)"]
[Site "Copenhagen"]
[Date "2001.07.22"]
[Round "8"]
[White "Olesen, Michael Bonding"]
[Black "Nielsen, Nicholas Roland"]
[Result "1-0"]
[WhiteElo "1891"]
[BlackElo "2065"]
[PlyCount "71"]
[EventDate "2001.07.16"]
[EventType "swiss"]
[EventRounds "11"]
[EventCountry "DEN"]
[SourceDate "2004.01.01"]

1. e4 c5 2. Nc3 Nc6 3. Nge2 g6 4. d4 cxd4 5. Nxd4 Bg7 6. Be3 d6 7. Qd2 Nf6 8.
f3 O-O 9. Bc4 Bd7 10. O-O-O Ne5 11. Bb3 Qa5 12. h4 Rfc8 13. g4 Nc4 14. Bxc4
Rxc4 15. h5 Rac8 16. Nb3 Qa6 17. hxg6 fxg6 18. e5 Rxc3 19. bxc3 Ne8 20. Qh2 h5
21. gxh5 Bxe5 22. Qg2 Bxc3 23. Qxg6+ Ng7 24. Rdg1 Qe2 25. Bh6 Be8 26. Qe4 Qxe4
27. fxe4 Kh7 28. Bg5 Rc4 29. h6 Ne6 30. Bxe7 Nf4 31. Kb1 Bg6 32. Bxd6 Bxe4 33.
Rh2 Nd5 34. Nd2 Bxc2+ 35. Kxc2 Be5+ 36. Nxc4 1-0

[Event "23. Copenhagen Open  (Politiken Cup)"]
[Site "Copenhagen"]
[Date "2001.07.22"]
[Round "8"]
[White "Olsen, Miriam Frida"]
[Black "Gorecki, Zbigniew"]
[Result "1-0"]
[WhiteElo "1604"]
[BlackElo "2000"]
[PlyCount "73"]
[EventDate "2001.07.16"]
[EventType "swiss"]
[EventRounds "11"]
[EventCountry "DEN"]
[SourceDate "2004.01.01"]

1. e4 c5 2. Nc3 Nc6 3. g3 g6 4. Bg2 Bg7 5. d3 d6 6. f4 e6 7. Nf3 Nge7 8. O-O
O-O 9. Be3 Rb8 10. Qe1 b5 11. g4 Nd4 12. Qf2 b4 13. Nd1 Nxf3+ 14. Bxf3 Bb7 15.
Kh1 Rc8 16. f5 Nc6 17. Bg2 exf5 18. gxf5 Ne5 19. f6 Bh8 20. Bg5 Re8 21. Ne3 Rc7
22. Qg3 Nd7 23. Qh4 h5 24. Rf2 Nb6 25. Rg1 d5 26. Nf5 dxe4 27. Ne7+ Kh7 28.
dxe4 Qd4 29. Bf3 Nc8 30. Nf5 Qxb2 31. Bxh5 Kg8 32. Bf3 Qe5 33. Nh6+ Kf8 34. Ng4
Bxf6 35. Nxe5 Bxe5 36. Bf4 a5 37. Bxe5 1-0

[Event "23. Copenhagen Open  (Politiken Cup)"]
[Site "Copenhagen"]
[Date "2001.07.22"]
[Round "8"]
[White "Paaske, Asger"]
[Black "Larsen, Karsten"]
[Result "0-1"]
[WhiteElo "2062"]
[BlackElo "2300"]
[PlyCount "78"]
[EventDate "2001.07.16"]
[EventType "swiss"]
[EventRounds "11"]
[EventCountry "DEN"]
[SourceDate "2004.01.01"]

1. e4 g6 2. d4 c6 3. Nf3 Bg7 4. h3 d5 5. e5 h5 6. Bd3 Na6 7. c3 Nc7 8. Qc2 Nh6
9. Nh4 Be6 10. O-O Qd7 11. Bxg6 fxg6 12. Qxg6+ Kf8 13. Qxh5 Kg8 14. Qg5 Bf7 15.
f4 e6 16. f5 Nxf5 17. Nxf5 exf5 18. Rxf5 Rh5 19. Rxf7 Qxf7 20. Qg3 Rf8 21. Nd2
Qf4 22. Qxf4 Rxf4 23. Nf1 Rf8 24. Ng3 Rh7 25. Be3 Ne6 26. Rf1 Rxf1+ 27. Kxf1
Bh6 28. Bxh6 Rxh6 29. Nf5 Rh7 30. Kg1 c5 31. dxc5 Nxc5 32. Kh2 Kf7 33. Nd4 Nd3
34. e6+ Kf6 35. g3 Nxb2 36. g4 Nd3 37. Kg3 Nc5 38. h4 Nxe6 39. g5+ Nxg5 0-1

[Event "23. Copenhagen Open  (Politiken Cup)"]
[Site "Copenhagen"]
[Date "2001.07.22"]
[Round "8"]
[White "Pallesen, Jacob"]
[Black "Jorgensen, Brian"]
[Result "0-1"]
[WhiteElo "2061"]
[BlackElo "2265"]
[PlyCount "60"]
[EventDate "2001.07.16"]
[EventType "swiss"]
[EventRounds "11"]
[EventCountry "DEN"]
[SourceDate "2004.01.01"]

1. e4 c5 2. Nf3 Nc6 3. Nc3 Nf6 4. Be2 e5 5. O-O d6 6. d3 h6 7. Ne1 g5 8. Be3
Bg7 9. Nb5 O-O 10. c3 a6 11. Na3 Kh8 12. f3 Be6 13. Nec2 b5 14. d4 cxd4 15.
cxd4 d5 16. dxe5 Nxe5 17. Bd4 Nc6 18. exd5 Nxd4 19. Nxd4 Nxd5 20. Nxe6 fxe6 21.
Qb3 Nf4 22. Rfe1 Qd4+ 23. Kf1 Nd5 24. Nc2 Qh4 25. Bd3 Qxh2 26. Ne3 Nxe3+ 27.
Rxe3 Qh1+ 28. Kf2 Qxa1 29. Qxe6 Qxb2+ 30. Kf1 Rad8 0-1

[Event "23. Copenhagen Open  (Politiken Cup)"]
[Site "Copenhagen"]
[Date "2001.07.22"]
[Round "8"]
[White "Palo, Davor"]
[Black "Molvig, Henrik"]
[Result "1/2-1/2"]
[WhiteElo "2325"]
[BlackElo "2213"]
[PlyCount "64"]
[EventDate "2001.07.16"]
[EventType "swiss"]
[EventRounds "11"]
[EventCountry "DEN"]
[SourceDate "2004.01.01"]

1. d4 d5 2. c4 e6 3. Nc3 Be7 4. Nf3 Nf6 5. cxd5 exd5 6. Bg5 c6 7. Qc2 g6 8.
Bxf6 Bxf6 9. e3 Bf5 10. Bd3 Bxd3 11. Qxd3 Nd7 12. O-O O-O 13. b4 b5 14. a4 a6
15. a5 Be7 16. Na2 Bd6 17. Qc3 Qf6 18. Nc1 Rac8 19. Nd3 Rfe8 20. Rac1 Re6 21.
Rfe1 g5 22. Nc5 Nxc5 23. dxc5 Be5 24. Nxe5 Qxe5 25. Qxe5 Rxe5 26. Rcd1 Rce8 27.
Rd4 Re4 28. Red1 Kg7 29. Kf1 f5 30. Ke2 f4 31. Rxe4 Rxe4 32. Rd4 Rxd4 1/2-1/2